| 000 | 00533 a2200193 4500 | ||
|---|---|---|---|
| 005 | 20260407130308.0 | ||
| 008 | 260407b |||||||| |||| 00| 0 eng d | ||
| 020 |
_a9788119699391 _cRs. 2300.00 |
||
| 040 | _aMAIN | ||
| 082 |
_a300.72 _bT543R |
||
| 100 | _aTiwari, Anil | ||
| 245 | _aResearch methodology: Methoods, tools and techniques | ||
| 260 |
_bShubham Publications _c2024 _aKanpur |
||
| 300 | _aviii, 296 | ||
| 650 | _aSocial Science | ||
| 650 | _aResearch Methodology | ||
| 650 | _aQualitative Research | ||
| 942 | _cBK | ||
| 999 |
_c394566 _d394566 |
||